000 00991cad a22002295a 4500
001 L140198
008 070912e20070704xxk f 000 0 eng d
035 _a(Sirsi) u140198
041 0 _aeng
100 1 _aWalters, Chelsea
245 0 4 _aThe new Construction Industry Scheme
_h[electronic resource]
260 _c2007
490 0 _aRICS Feature
_v4 July 2007
520 _aLooks at the new Construction Industry Scheme (CIS), which took effect on 6 April 2007. Summarises the following key changes: verification and registration; monthly returns; record keeping; and loss of gross payment status. Includes details of websites providing guidance on the new CIS.
590 _aKA
650 2 4 _aCONSTRUCTION INDUSTRY SCHEME
651 4 _aUnited Kingdom
_y
690 _aConstruction management
_96230
710 2 _aCameron McKenna
_93669
856 4 0 _uhttps://www.rics.org/RICSWEB/getpage.aspx?p=3mABhzZAckaNW787kzNXRQ
_zView the article free of charge at www.rics.org...
942 _n0
999 _c79228
_d79228